00772nam a22002297a 450000500170000001000110001702000210002803500110004903700160006004000120007608200150008810000250010324500650012826000390019327000110023230000390024350000060028265000440028894200240033299900190035695201670037520170124110221.0 a785953 c00.00a333133595 a785953 bCen Lib/Ret aDPLbEN a910.3bPAX aPaxton, John 939866 aThe statesman's year-book world gazetteer /cby John Paxton  aLondonbThe macmillan press c1975 bLondon axiii,732p.:c23cm(Hb)bill.emaps  a  aReferences year-book vGazetteer939867 2ddccENh910.3mPAX c134128d134128 04102ddc40708NFICaLbLd2015-07-29eCen Lib/Retg0.00l0o910.3 PAXp785953r2015-07-29 00:00:00t1v0.00w2015-07-29yENzW/d List No. 8130/9; dtd 18.2.2017